[Event "Val Thorens Principal"]
[Site "Val Thorens"]
[Date "1994.??.??"]
[Round "3"]
[White "Gaudineau, Eric"]
[Black "Solonar, Stephan"]
[Result "0-1"]
[WhiteElo "2190"]
[BlackElo "2400"]

1.e4 d6 2.d4 Nf6 3.Nc3 c6 4.f4 g6 5.Nf3 Bg7 6.Be2 O-O 7.O-O b5 8.e5 Ne8 9.Be3 Nc7
10.a3 Nd7 11.d5 c5 12.exd6 exd6 13.Nxb5 Nxb5 14.Bxb5 Bxb2 15.Rb1 Bg7 16.f5 Rb8
17.fxg6 hxg6 18.Qd3 Nf6 19.Bg5 Bf5 20.Qe2 Qa5 21.Nh4 Nxd5 22.Nxf5 gxf5 23.Bd2 Qc7
24.Rxf5 Ne7 25.Rg5 a6 26.Bc3 Ng6 27.Rxg6 fxg6 28.Bc4+ Kh7 29.Rxb8 Qxb8 30.Be1 d5
31.Bd3 Qb6 32.Qh5+ Bh6  0-1

[Event "Val Thorens Principal"]
[Site "Val Thorens"]
[Date "1994.??.??"]
[Round "4"]
[White "Lalic, Susan"]
[Black "Komliakov, Viktor"]
[Result "0-1"]
[WhiteElo "2375"]
[BlackElo "2455"]

1.e4 d6 2.d4 Nf6 3.Nc3 c6 4.f4 g6 5.Nf3 Bg7 6.Bd3 O-O 7.O-O Bg4 8.h3 Bxf3
9.Qxf3 Qb6 10.Ne2 c5 11.dxc5 Qxc5+ 12.Be3 Qc7 13.Rae1 Nc6 14.c3 Nd7 15.g4 Nde5
16.fxe5 Nxe5 17.Qg3 Nxd3 18.Rb1 Qc4 19.Bd4 Nc5 20.Qe3 Ne6 21.Bxg7 Kxg7 22.Nd4 Nxd4
23.Qxd4+ Qxd4+ 24.cxd4 Rac8 25.Rbc1 Rc6 26.d5 Rcc8 27.Kg2 h6 28.Kg3 a5 29.Kf4 b6
30.Rc6 Rxc6 31.dxc6 Rc8 32.Rc1 e5+ 33.Ke3 Rc7 34.b3 Kf6 35.a3 Ke6 36.b4 axb4
37.axb4 b5 38.h4 f5 39.gxf5+ gxf5 40.Kf3 h5 41.Rg1 fxe4+ 42.Kxe4 d5+ 43.Kd3 Rxc6
44.Rg6+ Kd7 45.Rg7+ Kd6 46.Rg6+ Kc7 47.Rg7+ Kb6 48.Re7 e4+ 49.Kd4 Rc4+ 50.Kxd5 Rxb4
51.Re5 e3 52.Rxh5 Re4 53.Kxe4 e2 54.Kf5 e1=Q 55.Rh6+ Kc5 56.h5 b4 57.Re6 Qh4  0-1

[Event "Val Thorens Principal"]
[Site "Val Thorens"]
[Date "1994.??.??"]
[Round "5"]
[White "Chernov, Vadim"]
[Black "Claverie, Christophe"]
[Result "1-0"]
[WhiteElo "2420"]
[BlackElo "2270"]

1.e4 d6 2.d4 Nf6 3.Nc3 e5 4.dxe5 dxe5 5.Qxd8+ Kxd8 6.Bc4 Be6 7.Bxe6 fxe6
8.f3 c6 9.Nh3 Bd6 10.Nf2 Nbd7 11.Ke2 Ke7 12.a4 h6 13.Be3 Bc5 14.Bd2 Raf8
15.Nd3 Bd6 16.Be3 Nh5 17.g3 Nhf6 18.Rhb1 g5 19.g4 Rf7 20.h4 Nh7 21.Rh1 Rhf8
22.Raf1 b6 23.Nb1 a6 24.Nd2 c5 25.hxg5 hxg5 26.Rh3 Rg8 27.Rfh1 Rgg7 28.Rh5 a5
29.Nc4 Bc7 30.Bd2 Nhf6 31.Bxg5 Kf8 32.Rh8+ Ke7 33.Bh4 Rg6 34.Rf8  1-0

[Event "Balkaniad"]
[Site "Varna"]
[Date "1994.??.??"]
[Round "2"]
[White "Dimov, Dian"]
[Black "Ivanisevic, Ivan"]
[Result "0-1"]
[WhiteElo "2350"]
[BlackElo "2290"]

1.e4 d6 2.d4 Nf6 3.Nc3 e5 4.Nf3 Nbd7 5.Bc4 Be7 6.O-O O-O 7.h3 c6 8.a4 Qc7
9.Qe2 a5 10.Rd1 exd4 11.Nxd4 Nc5 12.Bf4 Re8 13.Qf3 Bf8 14.Re1 Ne6 15.Be3 Nd7
16.Nxe6 fxe6 17.Qg3 Ne5 18.Bb3 Nf7 19.f4 d5 20.Qf2 Bd7 21.Rad1 Bb4 22.f5 Bd6
23.fxe6 Rxe6 24.Bb6 Qc8 25.Rd3 Rf6 26.Qe2 Ne5 27.exd5 Kh8 28.Re3 Rg6 29.Ne4 Bb4
30.c3 Bxh3 31.cxb4 Rxg2+ 32.Qxg2 Bxg2 33.Kxg2 h6 34.Bd4 Ng4 35.Rg3 cxd5 36.Nf2 Nf6
37.Rh1 Ra6 38.b5 Re6 39.Rg6 Qe8 40.Rhxh6+ gxh6 41.Bxf6+ Rxf6 42.Rxf6 Qe5
43.Rf3 Qxb2 44.Bxd5 Qd4 45.Bxb7 Qxa4 46.Bc6 Qb4 47.Nd3 Qd6 48.Nf2 a4 49.Ne4 Qb4
50.Nc3 a3 51.Bd5 Qd4 52.Kf1 h5 53.Ke2 h4 54.Rd3 Qb4 55.Re3 Kg7 56.Kd3 Qc5
57.Re6 h3 58.b6 a2 59.Bxa2 Qf5+ 60.Kd4 h2 61.Re7+ Kf8 62.b7 Qf6+ 63.Kd3 Qd6+
64.Nd5 h1=Q 65.Re4 Qd1+ 66.Ke3 Qg3+  0-1

[Event "Balkaniad"]
[Site "Varna"]
[Date "1994.??.??"]
[Round "5"]
[White "Ardeleanu, Alin"]
[Black "Lazic, Miroljub"]
[Result "0-1"]
[WhiteElo "2425"]
[BlackElo "2505"]

1.e4 d6 2.d4 Nf6 3.Nc3 c6 4.a4 Qa5 5.Bd2 e5 6.Nd5 Qd8 7.Nxf6+ Qxf6 8.Bc3 Qg6
9.Qf3 Nd7 10.O-O-O Be7 11.h3 O-O 12.g4 Nf6 13.Bd3 d5 14.dxe5 Nxe4 15.Bxe4 dxe4
16.Qg3 b5 17.Ne2 Qe6 18.Kb1 bxa4 19.Nd4 Qc4 20.Nf5 Bc5 21.Nxg7 Kxg7 22.e6+ f6
23.Qc7+ Kg6 24.h4 Bxe6 25.h5+ Kg5 26.Qg7+ Kf4 27.Qh6+ Kf3 28.Rh3+ Kg2 29.Rg3+ Kh2
30.Qf4 Qa2+ 31.Kc1 Qa1+ 32.Kd2 Qxd1+ 33.Kxd1 Bd6 34.Qxd6 Rad8 35.Rd3+ Rxd6
36.Rxd6 Bxg4+ 37.Kd2 f5 38.h6 f4 39.Bg7 Rf5 40.Rf6 e3+ 41.fxe3 f3  0-1

[Event "Velden op"]
[Site "Velden"]
[Date "1994.??.??"]
[Round "3"]
[White "Hresc, Vladimir"]
[Black "Horvath, Jozsef"]
[Result "0-1"]
[WhiteElo "2420"]
[BlackElo "2520"]

1.e4 d6 2.d4 Nf6 3.Nc3 c6 4.Nf3 Qa5 5.Bd3 e5 6.O-O Be7 7.h3 O-O 8.Be3 Nbd7
9.Qd2 Qc7 10.a4 b6 11.Rfe1 Bb7 12.Bg5 Rfe8 13.dxe5 dxe5 14.Bc4 Rad8 15.Qe2 h6
16.Bd2 Nf8 17.Nh4 Bc8 18.Nf5 Bxf5 19.exf5 Qd7 20.Bd3 e4 21.Nxe4 Nxe4 22.Bxe4 Qxd2
23.Bxc6 Qxe2 24.Rxe2 Nd7 25.Ree1 Kf8 26.Red1 Nc5 27.Bxe8 Rxe8 28.a5 Bf6 29.axb6 axb6
30.c3 Re2 31.Ra8+ Ke7 32.b4 Ne4 33.Ra7+ Ke8 34.c4 Bc3 35.c5 bxc5 36.bxc5 Nxc5
37.Kf1 Rb2 38.Rc7 Ne4 39.Kg1 Be5 40.Ra7 Nxf2 41.Rc1 Rb8 42.Ra5 Nd3 43.Rd1 Bc7
44.Ra6 Nb4 45.Re1+ Kf8 46.Ra4 Nd3 47.Rea1 Rb2 48.R4a2 Rb5 49.Rf1 Ke7 50.Ra7 Rc5
51.Ra6 Be5 52.Rb1 Rc7 53.Rd1 Nc5 54.Rb6 Ne4 55.Ra6 Ng3 56.f6+ Bxf6 57.Re1+ Kd7
58.Rd1+ Kc8 59.Ra8+ Kb7 60.Ra5 h5 61.Kf2 h4 62.Rb5+ Kc8 63.Rbb1 Ne4+  0-1

[Event "Velden op"]
[Site "Velden"]
[Date "1994.??.??"]
[Round "6"]
[White "Mencinger, Vojko"]
[Black "Modrova, Hana"]
[Result "1-0"]
[WhiteElo "2365"]
[BlackElo "2015"]

1.e4 d6 2.d4 Nf6 3.Nc3 c6 4.Nf3 Bg4 5.Be3 e6 6.h3 Bh5 7.Bd3 d5 8.e5 Nfd7
9.Ne2 c5 10.c3 Nc6 11.a3 a5 12.b3 Be7 13.g4 Bg6 14.Bxg6 hxg6 15.Nf4 cxd4
16.cxd4 a4 17.b4 Nb6 18.Kf1 Nc4 19.Kg2 g5 20.Ne2 f5 21.exf6 gxf6 22.Qc2 Kd7
23.Nc3 Nb6 24.b5 Na5 25.Bxg5 Nac4 26.Bf4 Nxa3 27.Qd3 Nac4 28.Rhe1 Qg8 29.Re2 f5
30.g5 Qh7 31.h4 Qh5 32.Rae1 Qg4+ 33.Bg3 Nd6 34.Ne5+  1-0

[Event "Vienna op"]
[Site "Vienna"]
[Date "1994.??.??"]
[Round "1"]
[White "Kawaciukova, Zuzana"]
[Black "Ventura, Giuseppe"]
[Result "1-0"]
[WhiteElo "2120"]
[BlackElo "2020"]

1.e4 d6 2.d4 Nf6 3.Nc3 c6 4.f4 Qa5 5.Bd2 e5 6.Nd5 Qd8 7.Nxf6+ Qxf6 8.dxe5 dxe5
9.Nf3 exf4 10.e5 Qg6 11.Bd3 Qxg2 12.Rg1 Qh3 13.Bxf4 Bg4 14.Rg3 Qh5 15.Be2 Be7
16.Qd2 h6 17.O-O-O g5 18.Be3 Na6 19.h3 Bxf3 20.Bxf3 g4 21.Bxg4 Qxe5 22.Bd7+ Kd8
23.Bxc6+  1-0

[Event "Vladivostok"]
[Site "Vladivostok"]
[Date "1994.??.??"]
[Round "4"]
[White "Nenashev, Alexander"]
[Black "Chekhov, Valery A"]
[Result "1-0"]
[WhiteElo "2575"]
[BlackElo "2490"]

1.d4 d6 2.e4 Nf6 3.Nc3 c6 4.f4 Qa5 5.Bd3 e5 6.dxe5 dxe5 7.Nf3 Nbd7 8.O-O Be7
9.Kh1 exf4 10.Bxf4 Ng4 11.e5 Ngxe5 12.Nxe5 Nxe5 13.Qh5 Nc4 14.Qe2 Nxb2 15.Bd6 Qd8
16.Nb5 cxb5 17.Bxb5+ Kf8 18.Qh5 g6 19.Qe5 Rg8 20.Bc7 Qd2 21.Rae1 Qb4 22.Qd5 Bf5
23.Rxe7 Kxe7 24.a3 Qxa3 25.Qe5+ Be6 26.Qf6+ Kf8 27.Qxe6 Rg7 28.Qf6 Kg8 29.Bd6 Qe3
30.Be5 Qh6 31.g4  1-0

[Event "Wattens op"]
[Site "Wattens"]
[Date "1994.??.??"]
[Round "6"]
[White "Ciolac, Gheorghe"]
[Black "Badea, Bela"]
[Result "1/2-1/2"]
[WhiteElo "2390"]
[BlackElo "2435"]

1.e4 d6 2.d4 Nf6 3.Nc3 c6 4.Nf3 Bg4 5.h3 Bh5 6.Be2 e6 7.O-O Be7 8.Be3 d5
9.e5 Nfd7 10.Nd2 Bxe2  1/2-1/2

[Event "Werfen op"]
[Site "Werfen"]
[Date "1994.??.??"]
[Round "?"]
[White "Spiel, Marianne"]
[Black "Usachyi, Mark"]
[Result "0-1"]
[WhiteElo "2235"]
[BlackElo "2315"]

1.e4 d6 2.d4 Nf6 3.Nc3 c6 4.Be3 Ng4 5.Bf4 e5 6.dxe5 Qb6 7.Qd2 dxe5 8.Bg3 Bb4
9.Bd3 Qa5 10.Nge2 O-O 11.O-O Nd7 12.a3 Be7 13.Nc1 Qc7 14.Bc4 Nc5 15.Qe2 Nf6
16.Rd1 Bg4 17.f3 Be6 18.b4 Bxc4 19.Qxc4 Ne6 20.Nd3 Nd7 21.Ne2 Bg5 22.Bf2 Rfd8
23.Qb3 Ndf8 24.Qb2 Ng6 25.c4 Rd7 26.Nc5 Nxc5 27.Bxc5 Rad8 28.Qc2 Rd2 29.Rxd2 Rxd2
30.Qa4 Rxe2 31.Qxa7 h6 32.Rd1 Rd2 33.Rxd2 Bxd2 34.Qa8+ Kh7 35.Qe8 Bc3 36.Kf2 Bb2
37.a4 Bd4+ 38.Bxd4 exd4 39.g3 Ne5 40.f4 Nxc4 41.e5 d3 42.e6 Qb6+ 43.Kg2 fxe6
44.Qxe6 Qd4 45.Qf5+ Kg8 46.Qc8+ Kf7 47.Qxb7+ Kf6 48.Qxc6+ Nd6 49.Qa8 d2 50.Qd8+ Kg6
51.f5+ Nxf5 52.Qe8+ Kh7 53.Qe6 Ne3+ 54.Kf3 Qf6+  0-1

[Event "Wrexham"]
[Site "Wrexham"]
[Date "1994.??.??"]
[Round "?"]
[White "Rayner, Francis"]
[Black "Bezold, Michael"]
[Result "0-1"]
[WhiteElo "2285"]
[BlackElo "2475"]

1.e4 d6 2.d4 Nf6 3.Nc3 c6 4.g3 Nbd7 5.Bg2 e5 6.Nge2 b5 7.a3 Be7 8.O-O Bb7
9.h3 O-O 10.Be3 a5 11.d5 cxd5 12.Nxd5 Nxd5 13.exd5 Qc7 14.Qd2 Rfc8 15.Rfc1 Ba6
16.g4 Nc5 17.f4 exf4 18.Bxf4 Na4 19.b3 Nc3 20.Nxc3 Qxc3 21.Qxc3 Rxc3 22.Bd2 Rcc8
23.Be4 Bf6 24.Rab1 Bc3 25.Bf4 Re8 26.Bf3 Rad8 27.Rd1 b4 28.axb4 axb4 29.Kf2 g6
30.Be3 Rc8 31.g5 Re7 32.Bd2 Bd4+ 33.Kg3 Rxc2 34.Rbc1 Rec7 35.Rxc2 Rxc2 36.Bxb4 Be5+
37.Kh4 Rf2 38.Bg4 Rg2 39.Be1 h6 40.Rc1 Bf4  0-1

[Event "Zabrzanski Wrzesien op"]
[Site "Zabrzanski Wrzesien"]
[Date "1994.??.??"]
[Round "?"]
[White "Kozakov, Mikhail"]
[Black "Kalinin, Oleg"]
[Result "0-1"]
[WhiteElo "2350"]
[BlackElo "2395"]

1.e4 d6 2.d4 Nf6 3.Nc3 e5 4.Nf3 Nbd7 5.Bc4 Be7 6.O-O O-O 7.a4 c6 8.Re1 a5
9.d5 Nb6 10.Bb3 cxd5 11.Nxd5 Nbxd5 12.Bxd5 Nxd5 13.Qxd5 Qc7 14.c3 Be6 15.Qd3 h6
16.Nd2 Rad8 17.c4 f5 18.b3 fxe4 19.Qxe4 Qb6 20.Qe3 Qxe3 21.Rxe3 d5 22.cxd5 Rxd5
23.Re2 Bb4 24.h3 Rc8 25.Nc4 Rd1+ 26.Kh2 Bxc4 27.bxc4 Bc3 28.Rb1 Rxc4 29.Rc2 Rb4
30.Rxb4 axb4 31.Kg3 Rd3+ 32.f3 Be1+ 33.Kg4 Rc3  0-1

[Event "Zalakaros op"]
[Site "Zalakaros"]
[Date "1994.??.??"]
[Round "2"]
[White "Parkanyi, Attila"]
[Black "Horvath, Jozsef"]
[Result "0-1"]
[WhiteElo "2345"]
[BlackElo "2515"]

1.e4 d6 2.d4 Nf6 3.Nc3 c6 4.Bg5 Nbd7 5.Nf3 e5 6.Qd2 Be7 7.Be2 Qc7 8.h3 b5
9.a3 Bb7 10.O-O a6 11.Rad1 O-O 12.Nh4 g6 13.Kh1 Rfe8 14.f4 exd4 15.Qxd4 c5
16.Qd2 b4 17.Nd5 Bxd5 18.exd5 Ne4 19.Qe3 Bf8 20.Qf3 h6 21.Bd3 hxg5 22.Nxg6 fxg6
23.Bxe4 gxf4 24.Qxf4 Ne5 25.axb4 cxb4 26.Qg3 Qg7 27.Rd4 a5 28.Rf4 Be7 29.Bxg6 Nxg6
30.Rg4 Kh7 31.Qd3 Bf6  0-1

[Event "Zalakaros op"]
[Site "Zalakaros"]
[Date "1994.??.??"]
[Round "3"]
[White "Portisch, Gabor"]
[Black "Horvath, A."]
[Result "1-0"]
[WhiteElo "2290"]
[BlackElo "2080"]

1.d4 Nf6 2.Nc3 d6 3.e4 c6 4.Be2 Nbd7 5.f4 e5 6.fxe5 dxe5 7.dxe5 Nxe5 8.Qxd8+ Kxd8
9.Nf3 Bd6 10.Bg5 Ke7 11.O-O-O Be6 12.Rxd6 Kxd6 13.Bf4 Nd7 14.Rd1+ Ke7 15.Nxe5 Nxe5
16.Bxe5 f6 17.Bd6+ Kf7 18.e5 f5 19.g4 g6 20.gxf5 Bxf5 21.Bc4+ Kg7 22.e6 Kf6
23.e7 b5 24.Bd3 Ke6 25.Bc5 h5 26.Re1+ Kf7 27.Ne4  1-0

[Event "Ibercaja op"]
[Site "Zaragoza"]
[Date "1994.??.??"]
[Round "3"]
[White "Piza Cortizo, Daniel"]
[Black "Strikovic, Aleksa"]
[Result "0-1"]
[WhiteElo "2295"]
[BlackElo "2495"]

1.d4 d6 2.e4 Nf6 3.Nc3 c6 4.Bf4 Qa5 5.Bd2 e5 6.Nf3 exd4 7.Nxd4 Qb6 8.Nf3 Be7
9.Bd3 Na6 10.Na4 Qc7 11.Qe2 O-O 12.O-O b5 13.Nc3 Nc5 14.e5 Nfd7 15.exd6 Bxd6
16.Bxh7+ Kxh7 17.Ng5+ Kg8 18.b4 Ne6 19.Nxe6 fxe6 20.Qxe6+ Rf7 21.Ne4 Nc5  0-1

[Event "Zuerich op2"]
[Site "Zuerich"]
[Date "1994.??.??"]
[Round "6"]
[White "Molnar, Bela"]
[Black "Klauser, Markus"]
[Result "1/2-1/2"]
[WhiteElo "2330"]
[BlackElo "2345"]

1.e4 d6 2.d4 Nf6 3.Nc3 c6 4.f4 Qa5 5.Bd3 e5 6.Nf3 Nbd7 7.Qe2 Be7 8.O-O O-O
9.a3 exd4 10.Nxd4 Re8 11.Kh1 Bf8 12.Bd2 Qc7 13.Rae1 Nc5 14.Qf3 Nxd3 15.cxd3 Qb6
16.Nce2 c5 17.Nf5 Bxf5 18.exf5 Qc6 19.Ng1 Qxf3 20.Nxf3 Rxe1 21.Rxe1 Re8 22.Rxe8 Nxe8
23.a4 f6 24.g4 d5 25.b3 Nd6 26.Ne1 c4 27.bxc4 dxc4 28.Kg2 cxd3 29.Nxd3 Nc4
30.Bc3 Bd6 31.Kf3 Kf7 32.h4 h6 33.g5 h5 34.g6+ Ke8 35.Nf2 a5 36.Ne4 Bb4 37.Bd4 Nd2+
38.Nxd2 Bxd2 39.Bc5 Be1 40.Bb6 Kd7 41.Ke2 Bb4 42.Kd3 Be1 43.Ke2 Kc6 44.Bd4 Bxh4
45.Kf3 Kd7 46.Kg2 Ke7 47.Bc3 Kf8 48.Bxa5 Ke8 49.Kf3 Kf8 50.Bb4+ Kg8  1/2-1/2

[Event "Aalborg"]
[Site "Aalborg"]
[Date "1995.??.??"]
[Round "2"]
[White "Kristiansen, Jens"]
[Black "Pedersen, Steffen"]
[Result "0-1"]
[WhiteElo "2455"]
[BlackElo "2405"]

1.e4 d6 2.d4 Nf6 3.Nc3 e5 4.Nf3 Nbd7 5.Bc4 Be7 6.O-O O-O 7.Qe2 exd4 8.Nxd4 Ne5
9.Bb3 c5 10.Nf5 Bxf5 11.exf5 Qd7 12.f4 Nc6 13.g4 d5 14.g5 c4 15.gxf6 Bxf6
16.Ba4 Qxf5 17.Qg2 Ne7 18.Ne2 b5 19.Bxb5 Qxc2 20.Nc3 Qxg2+ 21.Kxg2 Rfd8 22.Ba4 Rab8
23.Bd1 g6 24.a4 Nf5 25.a5 d4 26.Ne4 Bg7 27.Ra4 Re8 28.Ng3 Nd6 29.Bf3 d3 30.Ra2 f5
31.Bd5+ Kh8 32.Rd1 Re7 33.Kf1 Rb5 34.Bc6 Rb4 35.Re1 Rxe1+ 36.Kxe1 c3 37.bxc3 Rb1
38.Kd1 Nc4 39.Nf1 Bxc3 40.Bd5 Nb2+  0-1

[Event "Aarhus-A"]
[Site "Aarhus"]
[Date "1995.??.??"]
[Round "6"]
[White "Rasmussen, Casper"]
[Black "Nielsen, Soren Holst"]
[Result "1-0"]
[WhiteElo "2255"]
[BlackElo "2195"]

1.e4 d6 2.d4 Nf6 3.Nc3 e5 4.Nge2 c6 5.f3 Be7 6.Be3 Qc7 7.Qd2 b5 8.a3 a6 9.g4 O-O
10.Ng3 exd4 11.Bxd4 Re8 12.O-O-O a5 13.g5 Nfd7 14.Nf5 Bf8 15.f4 b4 16.Nb1 Nc5
17.Bxc5 dxc5 18.Nd6 Rd8 19.e5 Be6 20.Nb5 Rxd2 21.Nxc7 Rxd1+ 22.Kxd1 Bg4+
23.Be2 Bxe2+ 24.Kxe2 Ra7 25.Ne8 Re7 26.Nd6 f6 27.gxf6 gxf6 28.Rg1+ Kh8 29.Nd2 fxe5
30.f5 Rg7 31.Rxg7 Kxg7 32.N6e4 Nd7 33.a4 Nb6 34.b3 Be7 35.Nc4 Nxc4 36.bxc4 Kf7
37.Kf3 h5 38.h3 Kg7 39.Nd2 Bd8 40.Ke4 Kf6 41.Nf3 Bc7 42.Nh4 Bd6 43.Ng6 Kg5
44.Nxe5 Kh4 45.Ng6+ Kxh3 46.Kf3 Kh2 47.f6 Kg1 48.f7 Kf1 49.Ke4 h4 50.Nxh4 Bf8
51.Ng6 Bg7 52.Kd3 Ke1 53.Ne7 Kd1 54.Nxc6 Kc1 55.Nxa5  1-0

[Event "Aegina op"]
[Site "Aegina"]
[Date "1995.??.??"]
[Round "2"]
[White "Wells, Peter K"]
[Black "Efthimiou, Efthimios"]
[Result "1-0"]
[WhiteElo "2545"]
[BlackElo "2165"]

1.e4 d6 2.d4 Nf6 3.Nc3 c6 4.f4 Qa5 5.Bd3 e5 6.Nf3 Bg4 7.Be3 Nbd7 8.Qd2 Be7
9.O-O-O b5 10.Kb1 O-O 11.Nd5 Qd8 12.Nxe7+ Qxe7 13.dxe5 dxe5 14.h3 Bxf3 15.gxf3 Rfd8
16.f5 Nb6 17.Qf2 Na4 18.c3 Rd7 19.Bc2 Rad8 20.Rxd7 Rxd7 21.Rg1 Ne8 22.f4 f6
23.fxe5 Qxe5 24.Bd4 Qe7 25.e5 fxe5 26.Re1 Qd8 27.Bxe5 Nb6 28.Bd4 Nf6 29.Bb3+ Nc4
30.Qe2 Kh8 31.Bxc4 bxc4 32.Qxc4 Rd6 33.Qf7 Rd7 34.Qc4 Rd6 35.a3 Qd7 36.Re6 Nd5
37.Qc5 Nxc3+ 38.bxc3 Qb7+ 39.Ka2 Rd8 40.Re7  1-0

[Event "Cseppko op"]
[Site "Aggtelek"]
[Date "1995.??.??"]
[Round "?"]
[White "Turzo, Attila"]
[Black "Toth, Gabor"]
[Result "1-0"]
[WhiteElo "2265"]
[BlackElo "2070"]

1.e4 d6 2.d4 Nf6 3.Nc3 c6 4.Be3 b5 5.f3 Qa5 6.Qd2 Nbd7 7.Nge2 Nb6 8.b3 e5
9.g4 Bb7 10.Ng3 g6 11.Bg2 b4 12.Nce2 c5 13.d5 Be7 14.a3 Qb5 15.Bf1 Qa5 16.Bg2 Qb5
17.g5 Nfd7 18.Bf1 Qa5 19.Bh3 Ba6 20.O-O Qb5 21.Rfc1 bxa3 22.Rxa3 Bb7 23.c4 Qb4
24.Qa2  1-0

[Event "Algarve"]
[Site "Algarve"]
[Date "1995.??.??"]
[Round "5"]
[White "Sebih, Kamel"]
[Black "Galego, Luis"]
[Result "0-1"]
[WhiteElo "2395"]
[BlackElo "2435"]

1.d4 d6 2.e4 Nf6 3.Nc3 c6 4.a4 Qa5 5.Bd3 e5 6.Ne2 Be7 7.O-O O-O 8.Qe1 Qc7
9.Kh1 Nbd7 10.f4 exd4 11.Nxd4 Nc5 12.a5 Re8 13.b4 Nxd3 14.cxd3 d5 15.Nc2 dxe4
16.dxe4 Bf8 17.e5 Nd5 18.Nxd5 cxd5 19.Qd2 Bf5 20.Ne3 Be4 21.Bb2 Qc6 22.Ra2 Qb5
23.Bc3 Rac8 24.Rb2 Qd3 25.Bd4 Qxd2 26.Rxd2 Bxb4 27.Ra2 Bc5 28.Ra4 b5 29.axb6 axb6
30.Rd1 b5 31.Raa1 b4 32.Bxc5 Rxc5 33.Rd4 b3 34.Rb4 d4 35.Nd1 Rc2 36.Kg1 Rxg2+
37.Kf1 Ra2 38.Rc1 Bc2 39.Ke1 Rd8 40.Kd2 h5 41.h4 Bf5+ 42.Ke1 d3 43.Rc6 Re2+
44.Kf1 Bh3+ 45.Kg1 Re1+ 46.Kh2 Rxd1 47.Rd6 Rxd6 48.exd6 d2  0-1

[Event "Algarve"]
[Site "Algarve"]
[Date "1995.??.??"]
[Round "5"]
[White "Hmadi, Slaheddine"]
[Black "Ramos, A."]
[Result "1/2-1/2"]
[WhiteElo "2350"]
[BlackElo "2170"]

1.e4 d6 2.d4 Nf6 3.Nc3 c6 4.a4 Nbd7 5.Nf3 e5 6.Bc4 h6 7.dxe5 dxe5 8.O-O Be7
9.h3 O-O 10.a5 Bb4 11.Qe2 Bxa5 12.Nh4 b5 13.Ba2 Nc5 14.Rd1 Qc7 15.Be3 Bb6
16.Qf3 b4 17.Bxc5 Bxc5 18.Ne2 Be6 19.Ng3 Rad8 20.Rxd8 Rxd8 21.Bxe6 fxe6 22.Rd1 Qb6
23.Rxd8+ Qxd8 24.Qe2 a5 25.Nf3 a4 26.Qc4 Qd1+ 27.Kh2 Bxf2 28.Qxe6+ Kh8 29.Qc8+ Ng8
30.Nf5 Bc5 31.Qb7 Bf8 32.Qf7 Qd8 33.N3h4 Ne7 34.Nxe7 Bxe7 35.Ng6+ Kh7 36.Nxe7 a3
37.bxa3 bxa3 38.Nf5 Qg5 39.Qa7 Qf4+ 40.Kh1 Qc1+ 41.Kh2 Qf4+  1/2-1/2

[Event "Algarve"]
[Site "Algarve"]
[Date "1995.??.??"]
[Round "7"]
[White "Sebih, Kamel"]
[Black "Ribeiro, Fernando"]
[Result "0-1"]
[WhiteElo "2395"]
[BlackElo "2240"]

1.d4 d6 2.e4 Nf6 3.Nc3 c6 4.a4 Qa5 5.Bd3 e5 6.Ne2 Be7 7.O-O O-O 8.Kh1 Re8
9.f4 Bg4 10.dxe5 dxe5 11.f5 Nbd7 12.Bd2 Bb4 13.Qe1 Bxe2 14.Qxe2 Nc5 15.g4 Nxd3
16.cxd3 Nd7 17.Rf3 Rad8 18.g5 Nf8 19.Be1 Rd6 20.Qc2 Red8 21.Bh4 Bxc3 22.bxc3 Re8
23.Qb3 b5 24.g6 Rd7 25.gxf7+ Rxf7 26.Ra2 bxa4 27.Rxa4 Qc7 28.Bf2 c5 29.Qa2 Rb8
30.Ra5 Ne6 31.Rg3 Nf4 32.Rxc5 Qe7 33.Ra5 Rb7 34.Ra6 Kh8 35.Rc6 h6 36.Bg1 Qd7
37.Qa6 Kh7 38.d4 exd4 39.cxd4 Rxf5 40.Qc4 Rg5 41.Rxg5 hxg5 42.Rc8 Ng6 43.Qc2 a5
44.e5 Rb1 45.Rc5 Qg4 46.Qg2 Qxd4 47.Rxa5 Nf4 48.Qc2+ Nd3  0-1

[Event "Algarve"]
[Site "Algarve"]
[Date "1995.??.??"]
[Round "8"]
[White "Rizouk, Ryad"]
[Black "Ramos, A."]
[Result "1/2-1/2"]
[WhiteElo "2240"]
[BlackElo "2170"]

1.e4 d6 2.d4 Nf6 3.Nc3 c6 4.a4 g6 5.Nf3 Bg7 6.Be2 O-O 7.h3 Qc7 8.O-O e5 9.dxe5 dxe5
10.Bc4 Nbd7 11.Be3 Nh5 12.Qd2 Nf4 13.Ne2 Nxe2+ 14.Qxe2 b6 15.Rfd1 Nf6 16.Bd2 Bb7
17.Bc3 Nh5 18.Qe3 Rad8 19.Qg5 Rxd1+ 20.Rxd1 Re8 21.g3 Kh8 22.Qd2 f6 23.Qd7 Qc8
24.Bxe5 Qxd7 25.Rxd7 Bc8 26.Rc7 fxe5 27.Ng5 h6 28.Nf7+ Kh7 29.Nd6 Rd8 30.Nxc8 Nf6
31.Rxc6 Nxe4 32.Bd3 Nf6 33.Nxa7 e4 34.Bc4 Rd1+ 35.Kg2 Nd7 36.Rc7 Ne5 37.Be2 Re1
38.Bf1 Nf3 39.Nc6 Nd2 40.Nd4 Kh8 41.Rc8+ Kh7 42.Ne6 Be5 43.Bc4 Nf3 44.Nf8+ Kg7
45.Ne6+ Kf6 46.Rf8+ Ke7 47.Rxf3 exf3+ 48.Kxf3 Bxb2 49.Nf4 Ra1 50.Bb3 Bd4
51.Nxg6+ Kf6 52.Nf4 Re1 53.Nd3 Re8 54.Kg4 Rf8 55.f4 Re8 56.Nb4 Re1 57.Nd5+ Kg7
58.f5 Rf1 59.Nf4 Be5 60.Ne6+ Kf6 61.Nf8 Bc7 62.Ne6 Bd6 63.Nf4 Bxf4 64.gxf4 h5+
65.Kxh5 Kxf5 66.Bc4 Rh1 67.h4 Kxf4 68.Bb5 Kg3 69.Kg5 Rxh4 70.Kf5 Kf3 71.Ke5 Rh8
72.Kd6 Rc8 73.Bc6+ Ke3 74.Kd7 Rf8 75.Kc7 Rf2 76.c4 Kd4 77.Kxb6 Kxc4 78.a5 Rb2+
79.Kc7 Ra2 80.Kb6  1/2-1/2

[Event "Arhus Sommer"]
[Site "Arhus"]
[Date "1995.??.??"]
[Round "1"]
[White "Christensen, Jan"]
[Black "Alkaersig, Ole"]
[Result "1-0"]
[WhiteElo "2240"]
[BlackElo "2185"]

1.d4 d6 2.e4 Nf6 3.Nc3 e5 4.Nf3 Nbd7 5.Bc4 Be7 6.O-O O-O 7.a4 c6 8.a5 Qc7
9.b3 b5 10.axb6 Nxb6 11.Be2 exd4 12.Qxd4 c5 13.Qd3 Bb7 14.Bf4 Rfd8 15.Nd2 a6
16.Rfd1 Nfd7 17.Nf1 Ne5 18.Qg3 Ng6 19.Bg5 Bxg5 20.Qxg5 Re8 21.Ng3 c4 22.b4 Rad8
23.Rd4 Nf8 24.Nf5 g6 25.Qg3 Ne6 26.Rxd6 Rxd6 27.Nxd6 Rd8 28.Rd1 Ba8 29.e5 Rf8
30.Nce4 Nd7 31.Qe3 Bxe4 32.Qxe4 c3 33.Bxa6 Qb6 34.Be2 Rb8 35.Nxf7  1-0

[Event "Arhus Sommer"]
[Site "Arhus"]
[Date "1995.??.??"]
[Round "3"]
[White "Rewitz, Poul"]
[Black "Nielsen, Soren Holst"]
[Result "1-0"]
[WhiteElo "2325"]
[BlackElo "2195"]

1.e4 d6 2.d4 Nf6 3.Nc3 e5 4.dxe5 dxe5 5.Qxd8+ Kxd8 6.Nf3 Bd6 7.Bg5 Be6 8.Nb5 Nd7
9.Nxd6 cxd6 10.Nd2 Rc8 11.c3 h6 12.Bh4 g5 13.Bg3 Ke7 14.f3 Nc5 15.Be2 Na4
16.Rb1 a6 17.Bd1 Nc5 18.Bb3 Nh5 19.Ke2 f5 20.Bxe6 Kxe6 21.exf5+ Kxf5 22.Rhd1 Rcd8
23.Nc4 Ke6 24.Rd2 b5 25.Ne3 d5 26.Rbd1 Nf6 27.Nc2 a5 28.Kf1 Rhe8 29.Re1 Kf5
30.Rxe5+ Rxe5 31.Nd4+ Kg6 32.Bxe5 b4 33.cxb4 axb4 34.Nc6 Re8 35.Bxf6 Kxf6
36.Nxb4  1-0

[Event "Arhus Sommer"]
[Site "Arhus"]
[Date "1995.??.??"]
[Round "8"]
[White "Hoiberg, Nina"]
[Black "Nielsen, Soren Holst"]
[Result "1-0"]
[WhiteElo "2260"]
[BlackElo "2195"]

1.e4 d6 2.d4 Nf6 3.Nc3 c6 4.Bd3 e5 5.Nf3 Qc7 6.h3 Be7 7.O-O O-O 8.a4 a5 9.Be3 Na6
10.Nd2 Nb4 11.Be2 exd4 12.Bxd4 d5 13.exd5 Nfxd5 14.Nxd5 Nxd5 15.Nc4 Qf4 16.Bd3 Qh4
17.Nb6 Bxh3 18.Nxd5 cxd5 19.gxh3 Qxh3 20.Be5 Bc5 21.Re1 f6 22.Bf4 Rae8 23.Rxe8 Rxe8
24.Bf1 Qf5 25.Bg3 b6 26.Bg2 Kh8 27.Qd3 Qg5 28.Rd1 h5 29.Qxd5 h4 30.Bf4 Qxd5
31.Rxd5 Re1+ 32.Bf1 g5 33.Bd2 Rd1 34.Rd3 Ra1 35.Bc3 Kg7 36.Rf3 g4 37.Rf4 g3
38.Bxf6+ Kg6 39.Bxh4 Bxf2+ 40.Kg2 Re1 41.Bxg3 Bxg3 42.Kxg3 Kg5 43.Rf3  1-0

[Event "Donau op"]
[Site "Aschach"]
[Date "1995.??.??"]
[Round "4"]
[White "Mahdi, Khaled"]
[Black "Casagrande, Harald"]
[Result "1-0"]
[WhiteElo "2425"]
[BlackElo "2340"]

1.e4 d6 2.d4 Nf6 3.Nc3 c6 4.a4 Qa5 5.Bd3 e5 6.Ne2 Na6 7.O-O Be7 8.Bd2 Qc7
9.a5 exd4 10.Nxd4 Nc5 11.Qf3 Nxd3 12.cxd3 O-O 13.h3 a6 14.Na4 Be6 15.Nb6 Rad8
16.Qg3 Nd7 17.Be3 Qb8 18.f4 Nxb6 19.f5 Bc8 20.Bh6 g6 21.Bxf8 Rxf8 22.axb6 Bd8
23.Kh1 Bxb6 24.Nf3 Kg7 25.Ng5 h6 26.f6+ Kg8 27.Qh4 h5 28.Qf4 Be6 29.Nxe6 fxe6
30.Qh6 Kf7 31.Qg7+  1-0

[Event "Asiag tt"]
[Site "Asiag"]
[Date "1995.??.??"]
[Round "2"]
[White "Bednarich, Jan"]
[Black "Del Dotto, Riccardo"]
[Result "1/2-1/2"]
[WhiteElo "1930"]
[BlackElo "1990"]

1.e4 d6 2.d4 Nf6 3.Nc3 c6 4.f4 Qa5 5.Bd3 e5 6.dxe5 dxe5 7.f5 b5 8.Qe2 Nbd7
9.Nf3 b4 10.Nd1 b3+ 11.Nc3 Bb4 12.O-O Bxc3  1/2-1/2

[Event "AUT-chT2W 9495"]
[Site "Austria"]
[Date "1995.??.??"]
[Round "?.6"]
[White "Schmid, Sandro"]
[Black "Dorner, Guenther"]
[Result "1/2-1/2"]
[WhiteElo "1860"]
[BlackElo "1990"]

1.e4 d6 2.d4 Nf6 3.Nc3 c6 4.Bg5 Nbd7 5.f4 Qa5 6.Qd2 e5 7.dxe5 dxe5 8.Bxf6 Nxf6
9.fxe5 Ng4 10.Be2 Nxe5 11.Nf3 Be7 12.O-O O-O 13.Nxe5 Qxe5 14.Rad1 Be6 15.Qf4 Qc5+
16.Kh1 Bf6 17.Rf3 b5 18.a3 a5 19.Qd6 Qxd6 20.Rxd6 Rac8 21.Kg1 Be5 22.Rd2 Rfd8
23.Rfd3 Rxd3 24.Bxd3 Rd8 25.Re2 Kf8 26.g3 Ke7 27.Kg2 Rd4 28.Nb1 b4 29.axb4 axb4
30.Nd2 Rd8 31.b3 h6 32.Rf2 Bc3 33.Nc4 f6 34.Kf3 h5 35.Rf1 Ra8 36.Ne3 Rd8
37.Nc4 Bg4+ 38.Kg2 Be6 39.Kf3 Bh3 40.Rb1 Ra8 41.Ne3 Ra1 42.Rxa1 Bxa1 43.Nf5+ Kf8
44.Ne3 Bd7 45.Nf5 g6 46.Ne3 Be5 47.Nc4 Bc7 48.Kg2 Kg7 49.Ne3 Kh6 50.Nc4 h4
51.gxh4 Kh5 52.e5 fxe5 53.Nd2 Bf5 54.Be2+ Bg4 55.Bd3 Bd8 56.h3 Bf5 57.Be2+ Kh6
58.Bf3 Bxc2 59.Bxc6 Bxh4 60.Be4 Bd1 61.Bf3 Bxf3+ 62.Kxf3 Be1 63.Ne4 Kh5 64.Kg2 g5
65.Kf1 Bc3 66.Kg2 Kg6 67.Kf3 Kf5 68.Ng3+ Kg6 69.Ke4 Kf6 70.Nf5 Bd2 71.Nd6 Bc3
72.Nf5 Kg6 73.Ng3 Bd2 74.Nf5 Kf6 75.Nd6 Ke6 76.Nf5 Be1 77.Ng7+ Kf7 78.Nf5 Bc3
79.Nd6+ Kg6 80.Nf5 Kh5 81.Kf3 Bb2 82.Ke4 Ba1 83.Kf3 Bc3 84.Ke4 g4 85.hxg4+ Kxg4
86.Ne7 Kg3 87.Nd5 Kf2 88.Nxb4  1/2-1/2